[Event "European Senior Team Championship 2014"]
[Site "Sibenik"]
[Date "2014.04.09"]
[Round "9.9"]
[White "Kauko, Pekka"]
[Black "Opl, Klaus"]
[Result "0-1"]
[WhiteElo "2013"]
[BlackElo "2283"]
[PlyCount "106"]
[EventDate "2014.04.01"]

1. c4 c5 2. Nf3 Nf6 3. g3 b6 4. Bg2 Bb7 5. O-O e6 6. b3 Be7 7. Bb2 O-O 8. d3 d5
9. e3 Nc6 10. d4 dxc4 11. bxc4 Qc7 12. Qe2 Rac8 13. Nc3 cxd4 14. Nb5 Qb8 15.
exd4 a6 16. Na3 Rfd8 17. Rfd1 Qa8 18. Nc2 Na5 19. Ne3 b5 20. cxb5 axb5 21. Ne5
Bxg2 22. Nxg2 Nc4 23. Nxc4 bxc4 24. Rdc1 Ne4 25. Rxc4 Rxc4 26. Qxc4 Nd2 27. Qe2
Nf3+ 28. Kh1 Nxd4 29. Bxd4 Rxd4 30. Kg1 g6 31. Rc1 Qd8 32. Ne3 Bg5 33. Qa6 Kg7
34. Qc8 Bxe3 35. Qxd8 Bxf2+ 36. Kxf2 Rxd8 37. a4 Rd2+ 38. Kf3 Ra2 39. Rc4 Rxh2
40. Ke3 Rg2 41. Kf3 Ra2 42. Rb4 h5 43. Ke3 Ra3+ 44. Kf2 g5 45. Rb5 Kg6 46. a5
f6 47. Rc5 e5 48. Rb5 Kf5 49. Rc5 Kg4 50. Rc4+ Kh3 51. Rc6 Rxa5 52. Rxf6 Ra2+
53. Kf3 g4+ 0-1

[Event "European Senior Team Championship 2014"]
[Site "Sibenik"]
[Date "2014.04.09"]
[Round "9.9"]
[White "Titz, Heimo"]
[Black "Alkkiomaki, Jyrki"]
[Result "1/2-1/2"]
[WhiteElo "2151"]
[BlackElo "1957"]
[PlyCount "63"]
[EventDate "2014.04.01"]

1. c4 e6 2. d4 d5 3. Nc3 c5 4. cxd5 exd5 5. Nf3 Nc6 6. g3 Nf6 7. Bg2 Be7 8. O-O
O-O 9. Bg5 cxd4 10. Nxd4 h6 11. Bxf6 Bxf6 12. e3 Nxd4 13. exd4 Qb6 14. Nxd5
Qxd4 15. Nxf6+ Qxf6 16. Qb3 Rb8 17. Rfd1 Be6 18. Qa3 a6 19. Rac1 Rfd8 20. h4
Bg4 21. Rxd8+ Rxd8 22. Qb4 Bf3 23. Re1 Bxg2 24. Kxg2 Qc6+ 25. Qe4 Rd2 26. Qxc6
bxc6 27. Re8+ Kh7 28. Ra8 Rxb2 29. Rxa6 c5 30. a4 Ra2 31. Rc6 Rxa4 32. Rxc5
1/2-1/2

[Event "European Senior Team Championship 2014"]
[Site "Sibenik"]
[Date "2014.04.09"]
[Round "9.9"]
[White "Rantanen, Veikko"]
[Black "Singer, Hans"]
[Result "1/2-1/2"]
[WhiteElo "1927"]
[BlackElo "2166"]
[PlyCount "24"]
[EventDate "2014.04.01"]

1. e4 c6 2. d4 d5 3. Nc3 dxe4 4. Nxe4 Nf6 5. Nxf6+ exf6 6. Nf3 Bd6 7. Be2 Na6
8. O-O Nc7 9. c4 O-O 10. Re1 Re8 11. Be3 Bb4 12. Bd2 Bf8 1/2-1/2

[Event "European Senior Team Championship 2014"]
[Site "Sibenik"]
[Date "2014.04.09"]
[Round "9.11"]
[White "Jones, Iolo C"]
[Black "Wademark, Helge"]
[Result "1-0"]
[WhiteElo "2185"]
[BlackElo "2124"]
[PlyCount "95"]
[EventDate "2014.04.01"]

1. d4 d5 2. Nf3 Nf6 3. c4 c6 4. Qc2 e6 5. g3 Nbd7 6. Nbd2 Be7 7. Bg2 O-O 8. O-O
b6 9. e4 dxe4 10. Nxe4 Bb7 11. Rd1 Qc8 12. Nxf6+ Nxf6 13. c5 h6 14. a3 Rd8 15.
b4 Nd5 16. Bd2 Bf6 17. Rac1 Qc7 18. Qe4 Ba6 19. Bf4 Nxf4 20. gxf4 Rd5 21. Ne5
bxc5 22. bxc5 Rad8 23. Qe3 Bxe5 24. fxe5 R5d7 25. Be4 Bb5 26. Qc3 Qc8 27. Rd2
Qa6 28. Rb1 Qa4 29. Rb4 Qa6 30. a4 Bf1 31. Bxc6 Qxc6 32. Kxf1 Qh1+ 33. Ke2 Qxh2
34. Qg3 Qh1 35. Rd1 Qc6 36. Qf3 Rd5 37. Qb3 Kh7 38. Qb1+ g6 39. Qc2 R5d7 40. f3
Qd5 41. Qc4 Qc6 42. Qb5 Rc8 43. Qxc6 Rxc6 44. Rdb1 Kg7 45. Ke3 g5 46. Rb8 f5
47. R1b7 Rcc7 48. c6 1-0

[Event "European Senior Team Championship 2014"]
[Site "Sibenik"]
[Date "2014.04.09"]
[Round "9.11"]
[White "Hallerod, Ralph"]
[Black "Bennett, Patrick"]
[Result "1-0"]
[WhiteElo "2086"]
[BlackElo "2021"]
[PlyCount "79"]
[EventDate "2014.04.01"]

1. Nf3 Nf6 2. c4 g6 3. b4 Bg7 4. Bb2 d6 5. g3 O-O 6. Bg2 c5 7. bxc5 dxc5 8. O-O
Nc6 9. Nc3 Qa5 10. Rb1 Be6 11. d3 Rad8 12. Qb3 Qb4 13. Qc2 Qa5 14. Ba1 b6 15.
Nb5 Nb4 16. Qb3 Qxb5 17. a3 Qd7 18. axb4 Bh3 19. bxc5 Bxg2 20. Kxg2 bxc5 21.
Qa3 Rc8 22. Rb5 Qe6 23. Re1 Qc6 24. Qxa7 Rc7 25. Qb6 Qxb6 26. Rxb6 Nd7 27. Rb5
Ra8 28. Bxg7 Kxg7 29. Reb1 Raa7 30. Ng5 h6 31. Ne4 Kf8 32. f4 e6 33. Kf3 Ke7
34. g4 f5 35. gxf5 gxf5 36. Nc3 Nf6 37. Rb8 Ra6 38. Nb5 Rcc6 39. Rb7+ Nd7 40.
Rg1 1-0

[Event "European Senior Team Championship 2014"]
[Site "Sibenik"]
[Date "2014.04.09"]
[Round "9.11"]
[White "Van Kemenade, Rudy"]
[Black "Gromark, Per-Olof"]
[Result "0-1"]
[WhiteElo "2001"]
[BlackElo "2046"]
[PlyCount "70"]
[EventDate "2014.04.01"]

1. f4 Nf6 2. Nf3 d5 3. g3 c6 4. Bg2 Qb6 5. d4 Bf5 6. O-O Nbd7 7. e3 e6 8. Ne5
Nxe5 9. fxe5 Ne4 10. b3 Be7 11. c4 Qa6 12. Qe2 O-O 13. Re1 Bb4 14. Bxe4 Bxe4
15. Bd2 Be7 16. Nc3 Bg6 17. e4 dxc4 18. bxc4 Rfe8 19. Qf1 Rad8 20. d5 Bc5+ 21.
Be3 Bxe3+ 22. Rxe3 Qb6 23. Qf2 Qd4 24. Rb1 exd5 25. cxd5 cxd5 26. Rxb7 dxe4 27.
Qf4 Rxe5 28. Kg2 Rf5 29. Qc7 h6 30. Ne2 Qxe3 31. Qxd8+ Kh7 32. Nf4 Qf3+ 33. Kg1
Rc5 34. Qd2 e3 35. Qb2 Rc2 0-1

[Event "European Senior Team Championship 2014"]
[Site "Sibenik"]
[Date "2014.04.09"]
[Round "9.11"]
[White "Ekelund, Kurt"]
[Black "Bevan, P.M."]
[Result "1-0"]
[WhiteElo "2040"]
[BlackElo "2086"]
[PlyCount "45"]
[EventDate "2014.04.01"]

1. e4 e6 2. d4 d5 3. Nc3 Nf6 4. Bg5 Be7 5. e5 Nfd7 6. Bxe7 Qxe7 7. f4 a6 8. Qd2
c5 9. Nf3 Nc6 10. dxc5 Nxc5 11. Bd3 O-O 12. O-O-O f6 13. exf6 Qxf6 14. g3 b5
15. Rde1 b4 16. Nd1 a5 17. Ne5 Nxe5 18. Rxe5 Nd7 19. Re2 e5 20. Bb5 Nb6 21.
Rxe5 Bf5 22. Bd3 Be6 23. Rhe1 1-0

[Event "European Senior Team Championship 2014"]
[Site "Sibenik"]
[Date "2014.04.09"]
[Round "9.12"]
[White "Baumbach, Friedrich"]
[Black "Habershon, Paul F"]
[Result "1-0"]
[WhiteElo "2231"]
[BlackElo "2069"]
[PlyCount "105"]
[EventDate "2014.04.01"]

1. d4 Nf6 2. c4 e6 3. Nf3 b6 4. a3 Bb7 5. Nc3 Be7 6. Qc2 d5 7. cxd5 exd5 8. g3
O-O 9. Bg2 Nbd7 10. O-O c5 11. Rd1 Qc8 12. Bg5 h6 13. Bf4 Rd8 14. Rac1 Nf8 15.
Ne5 cxd4 16. Nb5 Qxc2 17. Rxc2 Ne6 18. Rdc1 g5 19. Bd2 Ne4 20. Be1 Bf6 21. Nd3
N4c5 22. b4 Nxd3 23. exd3 Ba6 24. a4 Be5 25. Bh3 Bxb5 26. axb5 a6 27. bxa6 Rxa6
28. Bxe6 fxe6 29. Re2 Bg7 30. Rxe6 Kf7 31. Rec6 Re8 32. b5 Ra3 33. Rxb6 Rxd3
34. Rc7+ Re7 35. Rbb7 Bf6 36. Rxe7+ Bxe7 37. Bb4 Rb3 38. Bxe7 Rb1+ 39. Kg2 Ke6
40. Kf3 Rb2 41. h3 d3 42. Bc5 Rc2 43. Bd4 Rc4 44. Rb6+ Kd7 45. Be3 d4 46. Bd2
Rc2 47. Bb4 Rc4 48. Rd6+ Kc7 49. Rc6+ Rxc6 50. bxc6 Kxc6 51. Ke4 Kb5 52. Bd2
Kc4 53. f4 1-0

[Event "European Senior Team Championship 2014"]
[Site "Sibenik"]
[Date "2014.04.09"]
[Round "9.12"]
[White "Reuben, Stewart"]
[Black "Siegmund, Rainer"]
[Result "1/2-1/2"]
[WhiteElo "2063"]
[BlackElo "2148"]
[PlyCount "48"]
[EventDate "2014.04.01"]

1. d4 Nf6 2. c4 e6 3. Nc3 Bb4 4. Bg5 h6 5. Bh4 c5 6. e3 cxd4 7. exd4 Qa5 8. Qc2
Ne4 9. Rc1 Nxc3 10. bxc3 Ba3 11. Rb1 Nc6 12. Rb5 Qc7 13. c5 Qf4 14. Nf3 Qc1+
15. Qxc1 Bxc1 16. Bg3 b6 17. cxb6 axb6 18. Rb1 Ba3 19. Rxb6 O-O 20. Bd3 Be7 21.
Rb2 f5 22. Bf4 g5 23. Bc1 Ba3 24. Rc2 Bxc1 1/2-1/2

[Event "European Senior Team Championship 2014"]
[Site "Sibenik"]
[Date "2014.04.09"]
[Round "9.12"]
[White "Franke, Roland"]
[Black "Phillips, William"]
[Result "1/2-1/2"]
[WhiteElo "2012"]
[BlackElo "1939"]
[PlyCount "42"]
[EventDate "2014.04.01"]

1. b4 Nf6 2. Bb2 g6 3. Nf3 Bg7 4. e3 O-O 5. c4 d6 6. Be2 e5 7. d4 exd4 8. exd4
Re8 9. O-O a5 10. b5 c6 11. a4 d5 12. Nc3 dxc4 13. Bxc4 Be6 14. Qb3 Bxc4 15.
Qxc4 Nd5 16. Rfe1 Nxc3 17. Bxc3 Nd7 18. bxc6 bxc6 19. Ne5 Nxe5 20. dxe5 Re6 21.
f4 Qc7 1/2-1/2

[Event "European Senior Team Championship 2014"]
[Site "Sibenik"]
[Date "2014.04.09"]
[Round "9.12"]
[White "Scowen, Roger S"]
[Black "Hollstein, Joachim"]
[Result "0-1"]
[WhiteElo "1883"]
[BlackElo "2087"]
[PlyCount "52"]
[EventDate "2014.04.01"]

1. e4 c6 2. d4 d5 3. e5 Qb6 4. c3 Bf5 5. Bd3 Bxd3 6. Qxd3 e6 7. Ne2 c5 8. b3
Nc6 9. Bd2 f6 10. f4 fxe5 11. dxe5 Nh6 12. c4 Nb4 13. Bxb4 cxb4 14. cxd5 exd5
15. Nd2 Ng4 16. Nd4 a6 17. h3 Bc5 18. hxg4 Bxd4 19. Rc1 Bc3 20. Rxc3 bxc3 21.
Qxc3 O-O 22. f5 Rac8 23. Qh3 Rc1+ 24. Ke2 Rxh1 25. Qxh1 Qd4 26. Nf3 Qxg4 0-1

[Event "European Senior Team Championship 2014"]
[Site "Sibenik"]
[Date "2014.04.09"]
[Round "9.13"]
[White "Roth, Peter"]
[Black "Lahti, Jouko"]
[Result "1/2-1/2"]
[WhiteElo "2176"]
[BlackElo "2046"]
[PlyCount "26"]
[EventDate "2014.04.01"]

1. e4 d6 2. d4 Nf6 3. Nc3 g6 4. Bg5 Bg7 5. f4 O-O 6. Qd2 c6 7. Nf3 Bg4 8. Be2
d5 9. exd5 cxd5 10. h3 Bf5 11. g4 Be4 12. O-O-O Nc6 13. Rhe1 Rc8 1/2-1/2

[Event "European Senior Team Championship 2014"]
[Site "Sibenik"]
[Date "2014.04.09"]
[Round "9.13"]
[White "Titz, Herbert"]
[Black "Leukkunen, Raimo"]
[Result "1/2-1/2"]
[WhiteElo "1995"]
[BlackElo "1881"]
[PlyCount "86"]
[EventDate "2014.04.01"]

1. e4 e5 2. Nf3 Nc6 3. Bb5 a6 4. Ba4 Nf6 5. d3 b5 6. Bb3 d6 7. c3 Na5 8. Bc2 c5
9. O-O Bb7 10. Re1 Nc6 11. Nbd2 Be7 12. Nf1 O-O 13. Ng3 g6 14. h3 Ne8 15. Bh6
Ng7 16. Qd2 Bc8 17. Bb3 Be6 18. Bc2 Rc8 19. Nh2 Bh4 20. Ngf1 f5 21. Nf3 f4 22.
Nxh4 Qxh4 23. Bxg7 Kxg7 24. f3 h5 25. Qf2 Qg5 26. Kh2 h4 27. Nd2 Rh8 28. Bb3
Qf6 29. Qe2 Ne7 30. a4 Bxb3 31. Nxb3 Qe6 32. Qc2 b4 33. Nd2 Rb8 34. Nc4 Nc6 35.
Rab1 a5 36. Ra1 Rb7 37. Rab1 Rhb8 38. Kg1 Kf6 39. Kf1 Ke7 40. Kg1 g5 41. Kf2
Qf7 42. Kg1 Qe6 43. Kf2 Kf6 1/2-1/2

[Event "European Senior Team Championship 2014"]
[Site "Sibenik"]
[Date "2014.04.09"]
[Round "9.13"]
[White "Rintakoski, Pentti"]
[Black "Newrkla, Alexander"]
[Result "1/2-1/2"]
[WhiteElo "1824"]
[BlackElo "1956"]
[PlyCount "111"]
[EventDate "2014.04.01"]

1. e4 Nc6 2. Nf3 e5 3. Bc4 Nf6 4. d3 Be7 5. Nc3 O-O 6. a3 d6 7. h3 Nd4 8. Nxd4
exd4 9. Ne2 c5 10. O-O Bd7 11. Ng3 Be6 12. Bxe6 fxe6 13. c3 dxc3 14. bxc3 d5
15. Bb2 Bd6 16. exd5 Bxg3 17. fxg3 exd5 18. Bc1 Qe7 19. Bd2 Rae8 20. Re1 Qf7
21. g4 Nd7 22. Rf1 Qxf1+ 23. Qxf1 Rxf1+ 24. Rxf1 Re2 25. Rf2 Rxf2 26. Kxf2 Kf7
27. Bf4 b5 28. Ke3 Ke6 29. g5 g6 30. g4 a6 31. Bc7 Ne5 32. Bb6 c4 33. d4 Nd3
34. Ba5 Kd6 35. h4 Kc6 36. h5 Kd6 37. Kf3 Ke6 38. Ke3 Ne1 39. Kf2 Nc2 40. Bb4
Na1 41. Ke3 Nb3 42. Bf8 Na5 43. Kf4 Nc6 44. Bc5 a5 45. Ke3 a4 46. Kd2 Nd8 47.
Ke3 Nf7 48. Kf4 Nd8 49. Bb4 Nc6 50. Bc5 Na5 51. Bf8 Nb3 52. Ke3 Nc1 53. Kd2 Nd3
54. Ke3 Kf7 55. Bd6 Ke6 56. Bf8 1/2-1/2

[Event "European Senior Team Championship 2014"]
[Site "Sibenik"]
[Date "2014.04.09"]
[Round "9.15"]
[White "Vinke, Dietmar"]
[Black "White, Alastair F"]
[Result "1-0"]
[WhiteElo "2173"]
[BlackElo "2058"]
[PlyCount "67"]
[EventDate "2014.04.01"]

1. Nf3 d6 2. e4 Nf6 3. d3 g6 4. g3 Bg7 5. Bg2 O-O 6. O-O e5 7. Nbd2 Nbd7 8. c3
c6 9. Qc2 Qe7 10. Re1 Re8 11. a4 a5 12. d4 Nf8 13. dxe5 dxe5 14. Nc4 N6d7 15.
b3 Nc5 16. Ba3 f6 17. Nb6 Rb8 18. Nxc8 Rexc8 19. Red1 b5 20. Bh3 Rc7 21. axb5
cxb5 22. b4 axb4 23. Bxb4 Qe8 24. Rd5 Na4 25. Qd2 Rf7 26. Bf1 f5 27. Qa2 fxe4
28. Ng5 e3 29. Nxf7 exf2+ 30. Qxf2 Qxf7 31. Qxf7+ Kxf7 32. Rxb5 Rxb5 33. Bxb5
Nb6 34. Ra7+ 1-0

[Event "European Senior Team Championship 2014"]
[Site "Sibenik"]
[Date "2014.04.09"]
[Round "9.15"]
[White "Borwell, Alan P"]
[Black "Mottonen, Ari"]
[Result "1/2-1/2"]
[WhiteElo "2018"]
[BlackElo "1996"]
[PlyCount "81"]
[EventDate "2014.04.01"]

1. e4 e6 2. b3 c5 3. Bb2 Nc6 4. Bb5 Nd4 5. Bd3 Qg5 6. g3 e5 7. f4 exf4 8. Nh3
Qh6 9. Nxf4 Bd6 10. O-O Nf6 11. Na3 O-O 12. Bxd4 cxd4 13. Nc4 Bxf4 14. Rxf4 d5
15. exd5 Qg5 16. Qf3 Bg4 17. Qf2 Rad8 18. Re1 Rxd5 19. Rxd4 b5 20. Rxd5 Qxd5
21. Ne3 Qh5 22. Bf5 Bf3 23. Bd3 Bc6 24. Qf5 Re8 25. Qxh5 Nxh5 26. Rf1 Nf6 27.
Rf5 a6 28. Rc5 Be4 29. Bxe4 Nxe4 30. Rc6 Nxd2 31. Rxa6 g6 32. Kf2 f5 33. a4
Ne4+ 34. Ke2 bxa4 35. bxa4 Rd8 36. Kf3 Rd2 37. Kf4 Rxh2 38. Ke5 Nxg3 39. Rc6
Nh5 40. Rc8+ Kg7 41. Nxf5+ 1/2-1/2

[Event "European Senior Team Championship 2014"]
[Site "Sibenik"]
[Date "2014.04.09"]
[Round "9.15"]
[White "Auvinen, Esa"]
[Black "Mckerracher, Douglas"]
[Result "1-0"]
[WhiteElo "1988"]
[BlackElo "1987"]
[PlyCount "80"]
[EventDate "2014.04.01"]

1. e4 d5 2. exd5 Qxd5 3. Nc3 Qa5 4. d4 Nf6 5. Bd3 Bg4 6. Nge2 e6 7. O-O c6 8.
Qe1 Nbd7 9. h3 Bxe2 10. Nxe2 Qc7 11. Ng3 O-O-O 12. c3 Bd6 13. Ne4 Nxe4 14. Qxe4
Nf6 15. Qf3 e5 16. dxe5 Bxe5 17. Bg5 h6 18. Bh4 Kb8 19. Rfe1 Ka8 20. Rad1 g5
21. Bg3 Bxg3 22. fxg3 Nd5 23. Bc4 a6 24. Kh2 Qb6 25. Bxd5 cxd5 26. Rxd5 Rxd5
27. Qxd5 Rd8 28. Qxf7 Rd2 29. Re6 Qc5 30. Qf3 Rxb2 31. Rxa6+ Kb8 32. Rxh6 Rb1
33. h4 Ka7 34. Qd3 Qg1+ 35. Kh3 Rd1 36. Qb5 Kb8 37. Qe5+ Kc8 38. Rh8+ Kd7 39.
Rh7+ Kc6 40. Rh6+ Kd7 1-0

[Event "European Senior Team Championship 2014"]
[Site "Sibenik"]
[Date "2014.04.09"]
[Round "9.15"]
[White "Marks, Ian A"]
[Black "Laitinen, Martti"]
[Result "1-0"]
[WhiteElo "1985"]
[BlackElo "1770"]
[PlyCount "83"]
[EventDate "2014.04.01"]

1. d4 Nf6 2. c4 g6 3. g3 Bg7 4. Bg2 O-O 5. Nf3 d6 6. O-O Nbd7 7. Nc3 e5 8. e4
c6 9. h3 Re8 10. Be3 Qa5 11. Rb1 Qa6 12. b3 h6 13. Qd2 Kh7 14. Rfe1 b6 15. Kh2
Qb7 16. Rbd1 Bf8 17. Nh4 c5 18. d5 a6 19. a4 Bg7 20. f4 Nh5 21. Bf3 Ndf6 22.
fxe5 dxe5 23. Rf1 Bd7 24. Bxh5 Nxh5 25. Rxf7 Rf8 26. Rdf1 Rxf7 27. Rxf7 Rf8 28.
Qf2 Qc8 29. Rxf8 Qxf8 30. Qxf8 Bxf8 31. g4 Nf6 32. Nf3 Bd6 33. Bf2 Ne8 34. Bg3
h5 35. gxh5 gxh5 36. Bxe5 Kh6 37. Bxd6 Nxd6 38. e5 Nf5 39. Ne4 b5 40. cxb5 axb5
41. Nxc5 bxa4 42. bxa4 1-0

[Event "European Senior Team Championship 2014"]
[Site "Sibenik"]
[Date "2014.04.09"]
[Round "9.16"]
[White "Fernengel, Rudolf"]
[Black "Watzka, Horst"]
[Result "1/2-1/2"]
[WhiteElo "1786"]
[BlackElo "2250"]
[PlyCount "27"]
[EventDate "2014.04.01"]

1. d4 Nf6 2. Nf3 g6 3. c4 Bg7 4. Nc3 O-O 5. e3 d6 6. Be2 Nc6 7. O-O e5 8. dxe5
Nxe5 9. Nxe5 dxe5 10. Qxd8 Rxd8 11. e4 c6 12. Bg5 h6 13. Bh4 Be6 14. Rfd1
1/2-1/2

[Event "European Senior Team Championship 2014"]
[Site "Sibenik"]
[Date "2014.04.09"]
[Round "9.16"]
[White "Nickl, Klaus"]
[Black "Mai, Hartmut"]
[Result "1/2-1/2"]
[WhiteElo "2139"]
[BlackElo "1944"]
[PlyCount "94"]
[EventDate "2014.04.01"]

1. d4 d5 2. Nf3 Nf6 3. e3 c6 4. c4 e6 5. Nc3 Nbd7 6. Qc2 Bd6 7. Bd3 dxc4 8.
Bxc4 O-O 9. O-O e5 10. h3 Qc7 11. e4 exd4 12. Nxd4 Ne5 13. Be2 Ng6 14. Bg5 Be7
15. Qc1 h6 16. Be3 Bd7 17. f4 Rac8 18. e5 Nd5 19. Nxd5 cxd5 20. Qxc7 Rxc7 21.
Bd3 Rfc8 22. Bxg6 fxg6 23. Rac1 Rxc1 24. Rxc1 Rxc1+ 25. Bxc1 Bc5 26. Be3 Bxd4
27. Bxd4 b6 28. Kf2 h5 29. Kf3 g5 30. fxg5 g6 31. e6 Bxe6 32. Kf4 Kf7 33. Ke5
Ke7 34. Bc3 Kd7 35. a4 a6 36. Kf6 Bf5 37. Bd4 Be4 38. Bxb6 Kd6 39. Bd4 Kc6 40.
b4 Bc2 41. g4 hxg4 42. hxg4 Be4 43. Kf7 Bd3 44. Be5 Be4 45. Bg7 Bd3 46. Ke6 Bc2
47. Kf7 Bd3 1/2-1/2

[Event "European Senior Team Championship 2014"]
[Site "Sibenik"]
[Date "2014.04.09"]
[Round "9.16"]
[White "Neudel, Bernd"]
[Black "Kratschmer, Heinz"]
[Result "0-1"]
[WhiteElo "1895"]
[BlackElo "2114"]
[PlyCount "30"]
[EventDate "2014.04.01"]

1. d4 Nf6 2. Nf3 g6 3. c4 Bg7 4. Nc3 d5 5. e3 O-O 6. b3 c5 7. Bb2 Nc6 8. dxc5
Qa5 9. Nd2 Rd8 10. Qc1 d4 11. exd4 Nxd4 12. a3 Qxc5 13. Ncb1 Ng4 14. f3 Nxf3+
15. gxf3 Qf2+ 0-1

[Event "European Senior Team Championship 2014"]
[Site "Sibenik"]
[Date "2014.04.09"]
[Round "9.17"]
[White "Grahn, Lars"]
[Black "Carlsten, Peter"]
[Result "1-0"]
[WhiteElo "2000"]
[BlackElo "2039"]
[PlyCount "113"]
[EventDate "2014.04.01"]

1. d4 f5 2. Nc3 d5 3. Bf4 Nf6 4. e3 e6 5. Bd3 Be7 6. Nf3 O-O 7. O-O b6 8. Nb5
Ne8 9. c4 c6 10. Nc3 Nd6 11. cxd5 exd5 12. h3 Nd7 13. Rc1 Bb7 14. Be2 Kh8 15.
a4 a5 16. b3 Rc8 17. h4 Ne4 18. Nxe4 fxe4 19. Ng5 Bxg5 20. hxg5 Re8 21. Bg4 Ra8
22. g3 Nf8 23. Kg2 Ne6 24. Bxe6 Rxe6 25. Rh1 Qe8 26. Bc7 b5 27. Be5 bxa4 28.
bxa4 Kg8 29. Qh5 Qg6 30. Qxg6 hxg6 31. Rh4 Rc8 32. Rc5 Re7 33. Rxa5 Ra8 34.
Rxa8+ Bxa8 35. Rh1 Ra7 36. Ra1 Kf7 37. Bd6 Bb7 38. Bc5 Ra8 39. f3 exf3+ 40.
Kxf3 Ba6 41. Rb1 Bd3 42. Rb7+ Kg8 43. Ba7 Rf8+ 44. Kg4 Be2+ 45. Kh3 Rf5 46. Bb8
Rxg5 47. Bf4 Rh5+ 48. Kg2 Bd3 49. g4 Be4+ 50. Kf2 Rh1 51. a5 Ra1 52. Bc7 Kf7
53. Bb6+ Kf6 54. Bd8+ Ke6 55. Rxg7 Kd6 56. Rb7 Ra3 57. Be7+ 1-0

[Event "European Senior Team Championship 2014"]
[Site "Sibenik"]
[Date "2014.04.09"]
[Round "9.17"]
[White "Sterner, Johan"]
[Black "Nordenstrom, Sven"]
[Result "1/2-1/2"]
[WhiteElo "2017"]
[BlackElo "1993"]
[PlyCount "51"]
[EventDate "2014.04.01"]

1. d4 d5 2. c4 c6 3. Nf3 Nf6 4. Nc3 a6 5. Ne5 dxc4 6. Nxc4 b5 7. Ne5 Bf5 8. f3
Nfd7 9. Nd3 e6 10. e4 Bg6 11. Be3 Bd6 12. a3 O-O 13. Be2 Nb6 14. O-O Qc7 15. f4
Nc4 16. Bc1 f5 17. e5 Be7 18. Nc5 Bf7 19. b3 Nb6 20. Be3 Rd8 21. Qc2 N8d7 22.
Bf3 Nxc5 23. dxc5 Nd5 24. Nxd5 cxd5 25. b4 Be8 26. Bd4 1/2-1/2

[Event "European Senior Team Championship 2014"]
[Site "Sibenik"]
[Date "2014.04.09"]
[Round "9.17"]
[White "Svensson, Soren"]
[Black "Mossiaguine, Arina"]
[Result "1-0"]
[WhiteElo "1998"]
[BlackElo "1359"]
[PlyCount "59"]
[EventDate "2014.04.01"]

1. d4 e6 2. c4 f5 3. g3 Nf6 4. Bg2 Bb4+ 5. Bd2 Qe7 6. a3 Bxd2+ 7. Qxd2 O-O 8.
Nc3 d6 9. e3 Nbd7 10. Nge2 Kh8 11. O-O Nb6 12. b3 d5 13. c5 Nbd7 14. b4 Ne4 15.
Qc2 Nxc3 16. Nxc3 Nf6 17. b5 Bd7 18. a4 c6 19. Rfb1 b6 20. bxc6 Bxc6 21. cxb6
a5 22. Nb5 Bxb5 23. Rxb5 Rfb8 24. Rc1 Ne8 25. Qc5 Qxc5 26. dxc5 Ra6 27. Bf1 Nf6
28. c6 Rbxb6 29. Rxb6 Rxb6 30. c7 1-0

[Event "European Senior Team Championship 2014"]
[Site "Sibenik"]
[Date "2014.04.09"]
[Round "9.18"]
[White "Vehkalahti, Veli"]
[Black "Just, Joachim"]
[Result "1/2-1/2"]
[WhiteElo "1972"]
[BlackElo "1982"]
[PlyCount "42"]
[EventDate "2014.04.01"]

1. d4 e6 2. Nf3 f5 3. d5 Bd6 4. dxe6 dxe6 5. Bg5 Nf6 6. Nbd2 O-O 7. e4 fxe4 8.
Nxe4 Bb4+ 9. Ned2 Nc6 10. Bd3 Qe8 11. O-O Qh5 12. Bxf6 Rxf6 13. Ne4 Rf8 14. Ng3
Qh6 15. Qe2 Bd6 16. c3 Bd7 17. Rae1 Rae8 18. Qc2 Kh8 19. Re4 Rf4 20. Rfe1 Ref8
21. Rxf4 Rxf4 1/2-1/2

[Event "European Senior Team Championship 2014"]
[Site "Sibenik"]
[Date "2014.04.09"]
[Round "9.18"]
[White "Swoboda, Peter"]
[Black "Karppinen, Martti"]
[Result "1/2-1/2"]
[WhiteElo "2011"]
[BlackElo "1880"]
[PlyCount "33"]
[EventDate "2014.04.01"]

1. d4 d5 2. c4 c6 3. Nc3 dxc4 4. a4 e5 5. e3 exd4 6. exd4 Be6 7. Nf3 Nf6 8. Ne5
c5 9. Be3 cxd4 10. Bxd4 Nc6 11. Nxc6 bxc6 12. Be2 Be7 13. O-O O-O 14. a5 Nd5
15. Qd2 Nf6 16. Ra4 Rb8 17. Rd1 1/2-1/2

[Event "European Senior Team Championship 2014"]
[Site "Sibenik"]
[Date "2014.04.09"]
[Round "9.18"]
[White "Patola, Eero"]
[Black "Reinemann, Guenter"]
[Result "1/2-1/2"]
[WhiteElo "1868"]
[BlackElo "1980"]
[PlyCount "38"]
[EventDate "2014.04.01"]

1. c4 Nf6 2. Nc3 g6 3. e4 d6 4. g3 Bg7 5. Bg2 Nc6 6. Nge2 e5 7. d3 O-O 8. h3
Be6 9. O-O Qc8 10. Kh2 a6 11. f4 exf4 12. gxf4 Ne8 13. Ng3 Ne7 14. Nd5 Bxd5 15.
cxd5 f5 16. Qb3 Kh8 17. Bd2 c5 18. Rae1 fxe4 19. dxe4 c4 1/2-1/2